|
|
|
|
| LEADER |
02096nam a2200373 a 4500 |
| 001 |
0017760 |
| 003 |
BD-DhAAL |
| 008 |
110130s2008 enk b 001 0 eng d |
| 010 |
|
|
|a 2008011812
|
| 020 |
|
|
|a 0230552757 (hbk. : alk. paper)
|
| 020 |
|
|
|a 9780230552753 (hbk. : alk. paper)
|
| 020 |
|
|
|a 9780230552760 (pbk. : alk. paper)
|
| 020 |
|
|
|a 0230552765 (pbk. : alk. paper)
|
| 040 |
|
|
|a DLC
|b eng
|c DLC
|d BAKER
|d BWKUK
|d BWK
|d YDXCP
|d BWX
|d HEBIS
|d DEBBG
|d OCL
|d EUM
|d OCL
|d UKM
|d BTCTA
|d OCLCQ
|d DLC
|d BD-DhAAL
|
| 042 |
|
|
|a pcc
|
| 082 |
0 |
0 |
|a 170
|2 22
|
| 100 |
1 |
|
|a Smith, Paul,
|d 1953-
|9 58242
|
| 245 |
1 |
0 |
|a Moral and political philosophy :
|b key issues, concepts and theories /
|c Paul Smith.
|
| 260 |
|
|
|a Basingstoke [England] ;
|a New York :
|b Palgrave Macmillan,
|c 2008.
|
| 300 |
|
|
|a ix, 254 p. ;
|c 23 cm
|
| 504 |
|
|
|a Includes bibliographical references (pages 215-250) and index.
|
| 505 |
0 |
|
|a Drug laws -- Justifications of punishment -- Civil disobedience : is there a duty to obey the law? -- Global poverty -- Liberty -- Liberty-limiting principles -- Rights -- Equality and social justice -- Moral relativism -- Utilitarianism -- Kantian moral philosophy -- John Rawls's theory of justice.
|
| 520 |
|
|
|a This text provides a comprehensive examination of key concepts and theories in moral and political philosophy. With a clear focus on the essentials of each topic, Smith presupposes no prior knowledge and relates moral philosophy to social and political issues.
|
| 526 |
|
|
|a ENH
|x Sohana Manzoor
Faculty Member of BRAC University
Course No. : HUM 103
|
| 541 |
1 |
|
|e 00017760
|a Karim International
|
| 650 |
|
0 |
|a Law and ethics.
|
| 650 |
|
0 |
|a Political ethics.
|
| 650 |
|
0 |
|a Ethics.
|
| 650 |
|
0 |
|a Political science
|x Philosophy.
|
| 650 |
|
0 |
|a Social ethics.
|
| 852 |
|
|
|a Ayesha Abed Library
|c General Stacks
|
| 942 |
|
|
|2 ddc
|c BK
|
| 999 |
|
|
|c 10411
|d 10411
|
| 952 |
|
|
|0 0
|1 0
|2 ddc
|4 0
|6 170_SMI
|7 0
|9 14279
|a BRACUL
|b BRACUL
|c GEN
|d 2011-01-31
|e Karim International
|g 1754.00
|l 5
|m 27
|o 170 SMI
|p 3010017760
|r 2026-02-02
|s 2025-08-06
|t 1
|w 2011-01-31
|y BK
|x Requisitioned by Sohana Manzoor for the course no. HUM 103.
|